000 00363nam a2200145Ia 4500
008 230917s9999||||xx |||||||||||||| ||und||
040 _e47942
_aMAIN
041 _aEnglish
082 _a843.6 B219W
100 _aBalzac, Honore de
245 0 _aWild Ass's skin or magic skin
260 _aHarmondsworth
_bPenguin Books
_c1977
300 _a284 p.
942 _cBK
999 _c152424
_d152424